000 01373nam a2200325 c 4500
003 BLK
005 20201026095138.0
008 180409b bul|||||r ||||||| ||bul||
010 _aKNG00107445000
020 _a954-9761-44-4
_bиздат.: Световит
040 _aBLK
041 _aBUL
_cBUL
080 _aБългарска литература
_b821.163.2
_x-311.6
_z821.163.2-311.6
100 1 _aХристозов, Петър
_eпърви автор
_9370891
700 1 _aВълчев, Христо Димитров
_e*
_9366782
139 _aХристозов, Петър
_bХ 82
245 1 0 _aСтуден ядрен синтез
_bПолит. роман
_cПетър Христозов; * Христо Димитров Вълчев.
257 _aBGR
260 София
_bСветовит
_c2003
_fВраца : Полипринт
300 _a192 с.
_c20 см
380 _aX
500 _aКн е продълж. на Аденовирусът - убиец ; Операция Голгота ; Тихата революция. Петър Христозов - псевд. на Христо Вълчев. - Офс. изд.
653 _aполитически романи
653 _aромани
852 _aЦб 215707
856 4 _qpdf
_u
856 4 _qpdf
_u
942 _cKNG
_n0
_01
944 _aCR
_c04.08.2003
_kВаля_Йорданова
944 _aED
_c24.08.2005
_k
999 _c102379
_d102379